Genetics of production traits in Hevea brasiliensis (rubber). Changes in genetical control with age (Record no. 59898)

MARC details
000 -LEADER
fixed length control field 00540nam a2200193Ia 4500
100 ## - MAIN ENTRY--AUTHOR NAME
Personal name Jayasekera N E M
245 #0 - TITLE STATEMENT
Title Genetics of production traits in Hevea brasiliensis (rubber). Changes in genetical control with age
260 ## - PUBLICATION, DISTRIBUTION, ETC. (IMPRINT)
Name of publisher Heredity
Year of publication 1994
300 ## - PHYSICAL DESCRIPTION
Number of Pages 650-656
500 ## - GENERAL NOTE
General note Source Year: 1995
650 ## - SUBJECT ADDED ENTRY--TOPICAL TERM
Topical Term Genetic traits
650 ## - SUBJECT ADDED ENTRY--TOPICAL TERM
Topical Term Hevea brasiliensis
650 ## - SUBJECT ADDED ENTRY--TOPICAL TERM
Topical Term Sri Lanka
700 ## - ADDED ENTRY--PERSONAL NAME
Personal name Karunasekera K B
700 ## - ADDED ENTRY--PERSONAL NAME
Personal name Kearsey M J
856 ## - ELECTRONIC LOCATION AND ACCESS
Uniform Resource Identifier IRRDB
942 ## - ADDED ENTRY ELEMENTS (KOHA)
Koha item type Journals
Holdings
Withdrawn status Lost status Damaged status Not for loan Home library Current library Shelving location Date acquired Serial Enumeration / chronology Koha item type
      Journals RRII Library RRII Library Botany 17/12/2021 Volume 73, Issue 6 Journals